| 000 | 00455nam a22001817a 4500 | ||
|---|---|---|---|
| 003 | koha_MIRAKIL | ||
| 005 | 20231213065252.0 | ||
| 008 | 231213b |||||||| |||| 00| 0 ||| d | ||
| 020 | _b978-9-94484040-8 | ||
| 040 |
_aTR-IsEVY _btur _cTR-IsEVY |
||
| 082 | _a510 ZAS/D | ||
| 100 | _aZaslavsky, Claudia. | ||
| 245 | 0 | _aDünya ülkelerinden matematik oyunları | |
| 260 |
_bGüncel, _c2008 |
||
| 300 | _a[ ] p. | ||
| 650 | _aMatematik. | ||
| 942 |
_2ddc _cBK |
||
| 999 |
_c764 _d764 |
||